Les animaux dans le titre des chansons - Statistiques

Statistiques générales
  • Ce quiz a été pris 761 fois
  • Le résultat moyen est 13 sur 27
Statistiques - réponses
Chanteur Nom du titre Réponse % Correct
Bénabar L'effet .... papillon
96%
Barbara L' .... noir aigle
94%
Chantal Goya Monsieur le ... botté chat
92%
Henri Salvador Le ... est mort ce soir lion
92%
Eddy Mitchell Le cimetière des ... éléphants
74%
Francky Vincent La ... à la voisine chatte
73%
Henri Salvador Minnie petite .... souris
73%
Marc Lavoine Je descends du ... singe
69%
Yanick Noah Les .... lionnes
64%
Nolwenn Leroy La ... de Michao jument
63%
J. J. Lionel La danse des .... canards
62%
Philippe Lafontaine Coeur de ... loup
58%
Hugues Aufray Le petit .... gris âne
46%
Frank Alamo ... oh ma .... biche
46%
Les Négresses Vertes Zobi la ... mouche
45%
Indochine Un ... en hiver singe
42%
Renan Luce .... mouillé chien
33%
Beau Dommage La complainte du ... en Alaska phoque
31%
LIne Renaud Le ... dans la vitrine chien
30%
Georges Brassens La ... de Jeanne cane
27%
Georges Brassens Le petit .... cheval
25%
Gérard Lenorman Gentil ... triste dauphin
22%
Georges Brassens La chasse aux .... papillons
21%
France Gall Bébé .... requin
18%
Maurane La chanson de l'.... autruche
6%
Michel Polnareff Le roi des .... fourmis
6%
Hugues Aufray Le .... anglais rossignol
4%
Aucun quiz correspondant
Distribution des résultats
% des personnes avec chaque résultat
Percentile par nombre de réponses
Votre historique - résultats
Vous n’avez pas pris ce quiz